=LDR 00000nam 2200000 4500 =001 000920 =005 20250712124223 =035 ##$$a 0010-0725000798 =007 ta =008 250712################a##########0#ind## =020 ##$$a 978-623-307-711-8 =082 ##$$a 398.209 598 =084 ##$$a 398.209 598 PRA s =100 #$$a Prasad, Veena =245 1#$$a Sejarah Toilet /$c Veena Prasad =250 ##$$a cetakan pertama =260 ##$$a jakarta :$b badan pengembangan dan pembinaan bahasa,$c 2022 =300 ##$$a 24 hlm. : $b ilus. ; $c 22,9 cm$e 398.209 598 =650 #4$$a cerita anak indonesia =856 ##$$a TBM As suhada =990 ##$$a TBM202400749